| 000 | 00552nam a22002177a 4500 | ||
|---|---|---|---|
| 003 | BD-DhUIB | ||
| 005 | 20210307122434.0 | ||
| 008 | 210307b ||||| |||| 00| 0 eng d | ||
| 020 | _a0759314071 | ||
| 040 |
_aBD-DhUIB _cBD-DhUIB |
||
| 082 |
_222 _a658.15 |
||
| 100 |
_aTitard, Pierre L. _91 |
||
| 245 |
_aManagerial accounting / _cPierre L. Titard. |
||
| 250 | _a6th ed. | ||
| 260 |
_aUSA : _bThompson, _cc2003. |
||
| 300 |
_axvii, 583p. : _bill. ; _c29 cm. |
||
| 526 | _aBBA program | ||
| 650 | _2Management | ||
| 650 | _2Accounting | ||
| 942 |
_2ddc _cBK |
||
| 999 |
_c5 _d5 |
||